000 00626nam a2200217Ia 4500
003 OSt
005 20220926032848.0
006 a|||||r|||| 00| 0
007 ta
008 220923b |||||||| |||| 00| 0 eng d
037 _cGeneral Book
040 _aRTL
_cRTL
_beng
041 _2eng
_aeng
082 _aY9(A):4582, N8/TD
100 _aNandy Ashis
245 0 _aScience, hegemony and violence
_b A requiem for modernity
260 _aTokyo
_bUnited Nations University
_c1988
300 _avii, 301p
_ccm.
942 _hY9(A):4582, N8/TD
_cGB
_2CC
999 _c655784
_d655784